Encyclopedia of Biomaterials and Biomedical Engineering Volume 1: A-K
Salvato in:
| Autore principale: | |
|---|---|
| Altri autori: | |
| Natura: | Libro |
| Lingua: | inglese |
| Pubblicazione: |
New York
Marcel Dekker, Inc.
2004
|
| Edizione: | 1.ed. |
| Soggetti: | |
| Accesso online: | Visualizza in OPAC |
| Tags: |
Nessun Tag, puoi essere il primo ad aggiungerne!!
|
MARC
| LEADER | 00000nam a2200000 a 4500 | ||
|---|---|---|---|
| 005 | 20260127133946.0 | ||
| 008 | 050630 2004 xxu 000 0 eng d | ||
| 020 | |a 0824754980 | ||
| 035 | |a vtls008182052 | ||
| 039 | 9 | |a 200506301554 |b mschk03 |y 200506301401 |z mschk03 | |
| 040 | |a STUSCHK1 |b slo |c STUSCHK1 |e AACR2 | ||
| 100 | 1 | |a Wnek, Gary E. | |
| 245 | 1 | |a Encyclopedia of Biomaterials and Biomedical Engineering |b Volume 1: A-K | |
| 250 | |a 1.ed. | ||
| 260 | |a New York |b Marcel Dekker, Inc. |c 2004 | ||
| 300 | |a 882 p. | ||
| 650 | 0 | |a Biomaterials |x Encyclopedia | |
| 650 | 0 | |a Biomedical | |
| 700 | 1 | |a Bowlin, Gary L. | |
| 910 | |a SCHK95 | ||
| 919 | |a 0-8247-5498-0 | ||
| 999 | |c 911 |d 911 | ||